000 00547nam a2200193 a 4500
003 BD-DhJNU
005 20250218054936.0
008 250204s1962 ii a b 001 0 eng
040 _aBD-DhJNU
_bENG
_cBD-DhJNU
_dBD-DhJNU
082 0 0 _a150 MCP
_223
100 1 _aMcNemar, Quinn
245 1 0 _aPsychological statistics /
_cQuinn McNemar
250 _a3rd ed.
260 _aNew York :
_bJonh Wiley and Sons, Inc.,
_c1962.
300 _avii, 450 p. :
_bill. ;
_c23 cm.
504 _aIncludes index.
650 0 _aPsychological statistics
942 _cBK
999 _c1358
_d1358